000 00307nam a22001337a 4500
008 190305b xxu||||| |||| 00| 0 eng d
020 _a9780314481245
041 _aeng
080 _22nd
_a510
100 _a36
101 _aMAT
245 _aUnderstanding Intermediate Algebra
_cHirsch,L
942 _2udc
_cBK
999 _c54580
_d54580